[Event "ISR-chT 2018"]
[Site "Israel"]
[Date "2018.01.05"]
[Round "1"]
[White "Kuzubov, Yuriy"]
[Black "Alterman, Boris"]
[Result "1-0"]
[WhiteElo "2691"]
[BlackElo "2603"]
[PlyCount "79"]
[EventDate "2018.??.??"]
[EventType "team-tourn"]
[EventCountry "ISR"]

{[%evp 9,79,-8,-24,-79,-78,-98,-111,-91,-60,-84,-79,-75,-39,-43,-33,-40,0,-23,0,-25,42,-38,-29,-41,-42,-39,-35,-34,-22,-84,0,0,0,0,4,3,340,342,506,484,797,779,788,785,772,741,766,772,756,760,1003,1118,1112,1078,1243,1241,1567,1462,1425,1346,2041,1762,2564,2332,2014,1258,29986,29987,29994,29995,29995,29996]} 1. d4 d5 {[%cal Bd7d5,Bd5c4,Bc4d3][%mdl 32]} 2. c4 c6 3. e3 Nf6 4. Bd3 e5 5. dxe5 (5. Nc3 exd4 6. exd4 dxc4 7. Bxc4 Be7 8. Nf3 O-O 9. h3 Nbd7 10. O-O Nb6 11. Bb3 Nbd5 12. Re1 Be6 13. Bg5 Re8 14. Qd2 Qd6 15. Ne5 {½-½ (34) Volkov,S (2599)-Rublevsky,S (2698) Rostov on Don 2014}) 5... dxc4 $1 6. exf6 {D10: Slav Defence: 3 cxd5 (without early Nf3) and 3 Nc3} (6. Be2 $11 {keeps the balance.} Qxd1+ 7. Bxd1) 6... cxd3 $17 7. fxg7 Bxg7 8. Nf3 {Black is better.} O-O 9. O-O c5 $146 ({Find the theoretical novelty and annotate with similar games:} 9... Bg4 10. h3 Bh5 11. Nbd2 a5 12. Rb1 Na6 {½-½ (45) Cvitan,O (2410)-Kirov,N (2445) Baku 1983}) 10. Nbd2 Be6 11. Ne4 Qd5 12. Ng3 c4 13. e4 Qb5 14. Ng5 Nc6 (14... Bd7 $11) 15. Nh5 (15. Nxe6 fxe6 16. Qg4 Kh8 $17) ({White should play} 15. a4 $14 Qe5 16. Be3) 15... Nd4 $1 $15 {[%cal Rd4e2] [#] ...Ne2+ is the strong threat.} (15... Bxb2 $2 16. Rb1 $18) 16. Nxg7 {aiming for Qh5.} Ne2+ 17. Kh1 Kxg7 18. Qd2 Rfe8 19. f4 (19. Nf3 $11 Qh5 20. b3) 19... f6 ({Black should try} 19... f5 $17 20. a4 Qc6) 20. f5 $1 $11 Bd7 {[#]} 21. Nxh7 $1 {[%mdl 512]} Nxc1 ({Stronger than} 21... Kxh7 22. Qh6+ Kg8 23. Qg6+ Kh8 24. Qxf6+ Kg8 25. Qg6+ Kf8 26. f6 Ng3+ 27. hxg3) 22. Rf4 {Threatens to win with Rg4+.} Rg8 $2 {[%mdl 8192]} ({And not} 22... Kxh7 23. Rh4+ Kg8 24. Qh6 $16) (22... Kf7 $1 $11 {and Black stays safe.} 23. Rxc1 Bc6) 23. Rh4 $18 {White threatens Qh6+ and mate.} Qe5 (23... Kf7 {keeps fighting.} 24. Rxc1 Rac8 25. Nxf6 Kxf6) 24. Rxc1 ({Not} 24. Qxc1 Bc6 $16) 24... b5 (24... Rae8 $142 25. Rh6 Bxf5) 25. Rh6 Rh8 26. Rg6+ Kf7 27. Rxf6+ Ke8 28. Rh6 Kd8 29. Ng5 Rf8 30. Ne6+ Bxe6 31. Rxe6 Qc7 32. Qh6 Qc5 33. Rc6 Qe7 34. f6 {[%cal Bf5f6,Bf6f7][%mdl 32]} Qf7 35. Qf4 Rh8 36. Rd6+ Ke8 37. e5 {[%cal Be4e5,Be5e6][%mdl 32]} Qh5 38. e6 {White mates.} Qh6 39. f7+ Ke7 40. Rd7+ {Precision: White = 79%, Black = 26%.} 1-0

[Event "ISR-chT 2018"]
[Site "Israel"]
[Date "2018.01.05"]
[Round "1"]
[White "Sutovsky, Emil"]
[Black "Deutsch, Eyal"]
[Result "1/2-1/2"]
[WhiteElo "2673"]
[BlackElo "2350"]
[PlyCount "96"]
[EventDate "2018.??.??"]
[EventType "team-tourn"]
[EventCountry "ISR"]

{[%evp 32,96,28,8,5,9,23,0,0,0,0,0,0,0,0,-102,-102,-100,-112,-118,-91,-91,-79,-91,-90,-90,-71,-64,-67,-87,-77,-79,-8,-8,-8,-8,-16,-19,-15,-15,-8,-12,-9,-10,-8,-11,0,0,8,9,30,8,8,8,8,8,8,8,8,8,8,2,8,0,0,0,0]} 1. e4 e5 2. Nf3 Nc6 3. Bb5 Nf6 4. O-O Nxe4 5. d4 Nd6 6. Bxc6 dxc6 7. dxe5 Nf5 8. Qxd8+ Kxd8 9. h3 Ne7 10. Nc3 Ke8 11. Nd4 (11. Re1 h6 12. Ne4 Ng6 13. b3 c5 14. a4 Be6 {½-½ (14) Guseinov,G (2646)-Alekseev,E (2616) Riadh 2017}) 11... Nf5 12. Nf3 Ne7 13. Nd4 {C67: Spanische Partie (Berliner Verteidigung)} Nf5 14. Nde2 Nh4 $146 ({Vorgänger:} 14... Be7 15. b3 h5 16. g3 f6 17. Bf4 fxe5 18. Bxe5 Bd6 19. Rae1 Kf7 {1-0 (31) Nyysti,S (2368)-Sepp,O (2471) Finland 2006}) 15. Bg5 Ng6 16. Rad1 Bd7 17. Nd4 {LiveBook: 11 Partien} h6 18. Be3 Bb4 19. f4 (19. Ne4 {with more complications.} Nxe5 20. Bf4 f6 21. Bxe5 fxe5 22. Nf3) 19... Bxc3 $1 20. bxc3 c5 21. Nf3 b6 22. g4 Bc6 23. Rde1 {[#]} (23. Kh2 $11) 23... h5 $1 $17 {[%cal Bh6h5,Bh5g4][%mdl 32]} 24. f5 {[#]} hxg4 $1 25. Ng5 Nh4 {Und weiter mit ...gxh3 wäre nett.} 26. f6 gxf6 27. exf6 {Droht Lxc5+.} Kf8 {Droht ...Sg6 und aus.} 28. Bf4 Ng6 29. Bxc7 gxh3 30. Kh2 Rh5 31. Rf5 {Droht stark Se6+!} Re8 ({Lieber} 31... Rh4 $17 {...Kg8 ist eine echte Drohung.} 32. Nf3 Re4) 32. Bd6+ $11 Kg8 33. Rxe8+ Bxe8 {[#]} 34. Nxf7 $1 {[%mdl 512]} Rxf5 (34... Bxf7 35. Rxh5) 35. Nh6+ Kh7 36. Nxf5 {[%mdl 4096] Endspiel KLS-KLS} Bd7 37. Ng3 Kg8 38. Bb8 Kf7 39. Bxa7 Kxf6 40. Bxb6 c4 41. Nf1 Ke5 {Die Stellung ist ausgeglichen.} 42. Ne3 Kf4 43. Nxc4 Be6 44. Bc7+ Kg4 45. Nd2 Bxa2 46. c4 Nh4 47. Nf1 Nf3+ 48. Kh1 Kf5 {Precision: Weiß = 67%, Schwarz = 76%.} 1/2-1/2

[Event "ISR-chT 2018"]
[Site "Israel"]
[Date "2018.01.05"]
[Round "1"]
[White "Postny, Evgeny"]
[Black "Aharon, Ofir"]
[Result "1-0"]
[WhiteElo "2574"]
[BlackElo "2288"]
[PlyCount "79"]
[EventDate "2018.??.??"]
[EventType "team-tourn"]
[EventCountry "ISR"]

{[%evp 17,79,16,32,21,40,41,51,50,78,50,64,45,87,77,116,105,105,15,2,3,11,-11,-6,0,0,0,2,-131,-10,-152,-153,-166,-149,-156,-153,-169,-179,-154,-178,-178,-176,-175,-162,-169,-160,-153,-137,-402,91,89,160,87,101,0,338,284,710,702,795,602,1419,1355,1755,1747]} 1. d4 Nf6 2. c4 g6 3. Nf3 Bg7 4. e3 O-O 5. Be2 d6 6. Nc3 Nbd7 7. O-O e5 8. Qc2 Re8 9. Rd1 Qe7 {LiveBook: 3 Partien. E61: Königsindisch (Abweichungen der Hauptvariante)} 10. h3 $146 ({Vorgänger:} 10. b4 a5 11. b5 exd4 12. Nxd4 Nb6 13. h3 Be6 14. Bf3 Rab8 15. Nxe6 fxe6 16. Be2 Nbd7 17. Rb1 {½-½ (52) Bruzon Batista,L (2659)-Vidit,S (2651) Baku 2015}) 10... e4 11. Nd2 Nf8 {Weiß steht etwas besser.} 12. b4 c6 13. Bb2 h5 14. d5 Bf5 15. Nb3 Rac8 16. dxc6 bxc6 17. c5 (17. b5 $16) 17... dxc5 $1 $11 18. Nxc5 N8d7 19. Nxd7 Nxd7 20. a3 Qg5 21. Kh1 Ne5 22. Bf1 (22. Nxe4 Bxe4 23. Qxe4 Ng4 $17) (22. Na4 $11) 22... Nd3 ({Günstiger ist} 22... c5 $1 $17 23. Nxe4 Qh4) 23. Bxd3 (23. Na4 $1 $11) 23... exd3 $17 24. Qd2 Qh4 25. Kh2 Be5+ {[%cal Bg7e5,Be5c7,Bc7b6,Bb6e3][%mdl 32]} 26. f4 {[#]} Bc7 $1 27. Rf1 {[#]} g5 $1 28. e4 gxf4 29. exf5 f3+ $1 30. Kg1 Bb6+ 31. Kh1 Be3 32. Qe1 $2 {[%mdl 8192]} ({Aber nicht} 32. Qxd3 $2 fxg2+ 33. Kxg2 Rcd8 $19) (32. Qd1 $17 fxg2+ 33. Kxg2) 32... fxg2+ $2 (32... f2 $19 33. Qd1 Bf4) 33. Kxg2 $16 Qd4 (33... Qc4 $142) 34. Qg3+ (34. Rf3 $142 Kh7 35. Kh1) 34... Kh7 {zielt auf ...Tg8 ab.} 35. Qf3 (35. Na4 $16 Qd5+ 36. Qf3) 35... Rg8+ $2 {[%mdl 8192]} (35... Qh4 $1 $11 {und Schwarz ist OK.}) 36. Kh1 $18 Qh4 $2 (36... d2 37. Qxh5+ (37. Nd1 Qh4 $16) 37... Bh6) 37. Ne4 {Und weiter mit Sf6+ wäre nett.Weiß steht klar auf Gewinn.} (37. Qxe3 {wird mattgesetzt.} Rg3 38. Qxg3 Qxg3 39. Ne2 Qxh3+ 40. Kg1 Rg8+ 41. Bg7 Rxg7+ 42. Kf2 Rg2+ 43. Ke1 Rxe2+ 44. Kd1 Qxf1#) 37... Bg5 38. Nxg5+ Rxg5 39. Bf6 Rcg8 40. Bxg5 {Precision: Weiß = 52%, Schwarz = 39%.} 1-0

[Event "ISR-chT 2018"]
[Site "Israel"]
[Date "2018.01.05"]
[Round "1"]
[White "Baron, Tal"]
[Black "Savolainen, Lev P"]
[Result "*"]
[WhiteElo "2548"]
[BlackElo "2074"]
[PlyCount "24"]
[EventDate "2018.??.??"]
[EventType "team-tourn"]
[EventCountry "ISR"]

{[%evp 17,24,11,0,-25,-21,-30,-28,-25,-13]} 1. d4 e6 2. c4 Nf6 3. Nc3 Bb4 4. g3 c5 5. Nf3 cxd4 6. Nxd4 O-O 7. Bg2 d5 8. cxd5 Nxd5 9. Qb3 Qb6 {LiveBook: 82 Games. E20: Nimzo-Indian: 4 g3 and 4 f3} (9... Qa5 10. Bd2 Nc6 11. Nxc6 bxc6 12. O-O Bxc3 13. bxc3 Ba6 14. Rfd1 Qc5 15. e4 Bc4 16. Qa4 Nb6 17. Qb4 Qh5 18. Re1 c5 19. Qa5 Rfc8 20. Bf4 {½-½ (28) Rodshtein,M (2695)-Adams,M (2738) Tbilisi 2017}) 10. e4 $146 ({Predecessor:} 10. Bxd5 exd5 11. Be3 Nc6 12. Rd1 Ba5 13. Qa3 Bb4 14. Qb3 Ba5 15. Qxb6 Bxc3+ 16. bxc3 axb6 17. Nxc6 bxc6 18. Bxb6 Rxa2 19. Rd2 Ra1+ 20. Rd1 Ra2 21. Rd2 Ra1+ 22. Rd1 Ra2 23. Rd2 {½-½ (23) Feller,S (2602)-Gharamian,T (2637) Agen 2016}) 10... Nxc3 11. bxc3 Ba5 {[#] And now ...Qxd4 would win.} 12. Bd2 Nc6 *

[Event "ISR-chT 2018"]
[Site "Israel"]
[Date "2018.01.05"]
[Round "1"]
[White "Kogan, Artur"]
[Black "Arlinsky, Uriel"]
[Result "1-0"]
[WhiteElo "2544"]
[BlackElo "2330"]
[PlyCount "55"]
[EventDate "2018.??.??"]
[EventType "team-tourn"]
[EventCountry "ISR"]

{[%evp 10,55,36,38,33,25,41,33,45,47,49,50,60,55,98,81,86,70,78,84,65,66,103,102,115,120,152,131,163,187,175,171,156,140,138,122,127,111,333,324,404,400,697,689,693,587,579,572]} 1. e4 e5 2. Nf3 Nc6 3. Bc4 Be7 4. d4 {[%cal Bd2d4,Bd4d5][%mdl 32]} d6 5. O-O Nf6 6. d5 Nb8 {C55: Two Knights: 4 d3, 4 d4 exd4 5 e5 and Max Lange Attack} 7. Bd3 O-O (7... Nbd7 8. c4 Nc5 9. Nc3 Nxd3 10. Qxd3 O-O 11. Nd2 Nh5 12. g3 g6 13. b4 f5 14. Ba3 {½-½ (32) Anand,V (2786)-Ivanchuk,V (2738) Leuven 2017}) 8. c4 a5 {White is slightly better.} 9. Nc3 Na6 10. h3 Bd7 11. Be3 Ne8 12. c5 $146 ({Predecessor:} 12. a3 g6 13. Nh2 Bg5 {0-1 (40) Dumancic,P-Mahdy,K (2365) Aschach 1998}) 12... Nxc5 13. Bxc5 dxc5 14. Nxe5 Bf6 15. Nf3 Bxc3 16. bxc3 {[%cal Bb2c3,Bc3c4][%mdl 32]} c6 {[#]} 17. c4 $1 f6 18. Qb1 Qc7 19. e5 fxe5 20. Bxh7+ Kh8 21. Nh4 $36 {[%mdl 2048] Keeping Black busy.} Rf6 {[#] White must now prevent ...Rh6.} 22. Be4 Nd6 23. Ng6+ Rxg6 $2 (23... Kg8 $16 {keeps fighting.}) 24. Bxg6 $18 {[%cal Be4g6,Bg6f7,Bf7d5][%mdl 32]} cxd5 25. Qd1 {Hoping for Qh5+.} Ne8 (25... Nf5 $142 26. Qh5+ Nh6 27. cxd5 Rf8) 26. Qh5+ {White is clearly winning.} Kg8 27. Bf7+ Kf8 28. Bxd5 {Precision: White = 68%, Black = 43%.} 1-0

[Event "ISR-chT 2018"]
[Site "Israel"]
[Date "2018.01.05"]
[Round "1"]
[White "Boruchovsky, Avital"]
[Black "Reshef, Omer"]
[Result "1/2-1/2"]
[WhiteElo "2542"]
[BlackElo "2467"]
[PlyCount "105"]
[EventDate "2018.??.??"]
[EventType "team-tourn"]
[EventCountry "ISR"]
[TimeControl "40/5400+30:1800+30"]
[WhiteClock "0:57:29"]
[BlackClock "0:22:14"]

1. d4 {[%emt 0:04:17]} d5 {[%emt 0:00:03]} 2. Bf4 {[%emt 0:00:28]} Nf6 {[%emt 0:00:33]} 3. e3 {[%emt 0:00:14]} c5 {[%emt 0:00:40]} 4. Nf3 {[%emt 0:01:40]} Nc6 {[%emt 0:00:07]} 5. c3 {[%emt 0:00:48]} Qb6 {[%emt 0:01:27]} 6. Qc2 {[%emt 0:07:33]} g6 {[%emt 0:11:44]} 7. Nbd2 {[%emt 0:03:06]} Bg7 {[%emt 0:01:00]} 8. h3 {[%emt 0:10:53]} O-O {[%emt 0:00:31]} 9. Be2 {[%emt 0:04:04]} Bf5 {[%emt 0:01:16]} 10. Qb3 {[%emt 0:01:23]} c4 {[%emt 0:08:05]} 11. Qxb6 {[%emt 0:00:27]} axb6 {[%emt 0:00:04]} 12. g4 {[%emt 0:00:31]} Bd7 {[%emt 0:04:18]} 13. Ne5 {[%emt 0:06:53]} Bc8 {[%emt 0:03:14]} 14. Bf3 {[%emt 0:08:41]} e6 {[%emt 0:01:51]} 15. O-O {[%emt 0:01:38]} Nd7 {[%emt 0:06:39]} 16. Nxd7 {[%emt 0:03:53]} Bxd7 {[%emt 0:00:06]} 17. Rfd1 {[%emt 0:05:34]} f5 {[%emt 0:04:43]} 18. g5 {[%emt 0:00:28]} b5 {[%emt 0:00:40]} 19. a3 {[%emt 0:00:42]} Nd8 {[%emt 0:08:20]} 20. Be2 {[%emt 0:03:22]} Nf7 {[%emt 0:00:38]} 21. Nf3 {[%emt 0:00:06]} Rfe8 {[%emt 0:00:40]} 22. h4 {[%emt 0:01:13]} Bc6 {[%emt 0:02:47]} 23. Ne5 {[%emt 0:01:02]} Nxe5 {[%emt 0:00:21]} 24. Bxe5 {[%emt 0:00:07]} Bxe5 {[%emt 0:03:13]} 25. dxe5 {[%emt 0:00:02]} h5 {[%emt 0:00:14]} 26. Rd4 {[%emt 0:02:44]} Kf7 {[%emt 0:01:45]} 27. Rad1 {[%emt 0:00:43]} Ke7 {[%emt 0:00:07]} 28. Kh2 {[%emt 0:00:30]} Rf8 {[%emt 0:00:25]} 29. Kg3 {[%emt 0:01:10]} Rf7 {[%emt 0:01:22]} 30. R1d2 {[%emt 0:04:16]} Rff8 {[%emt 0:00:05]} 31. Bd1 {[%emt 0:04:16]} Rfd8 {[%emt 0:01:24]} 32. Bc2 {[%emt 0:00:42]} Rd7 {[%emt 0:00:04]} 33. f3 {[%emt 0:00:03]} Rad8 {[%emt 0:00:09]} 34. Kf2 {[%emt 0:01:43]} Ke8 {[%emt 0:03:53]} 35. Ke2 {[%emt 0:03:47]} Ke7 {[%emt 0:00:09]} 36. Kd1 {[%emt 0:00:49]} Ke8 {[%emt 0:00:53]} 37. Kc1 {[%emt 0:00:08]} Ke7 {[%emt 0:00:03]} 38. Rd1 {[%emt 0:01:35]} Rf8 {[%emt 0:00:55]} 39. Kb1 {[%emt 0:03:03]} Rfd8 {[%emt 0:00:08]} 40. Ka2 {[%emt 0:00:23]} Rf8 {[%emt 0:00:08]} 41. b3 {[%emt 0:37:36]} Rfd8 {[%emt 0:34:56]} 42. Rb1 {[%emt 0:01:20]} Ra8 {[%emt 0:00:48]} 43. Kb2 {[%emt 0:00:56]} Ra7 {[%emt 0:01:28]} 44. Ra1 {[%emt 0:00:38]} Ra8 {[%emt 0:00:24]} 45. Bd1 {[%emt 0:00:19]} Rdd8 {[%emt 0:01:23]} 46. f4 {[%emt 0:00:39]} Ra7 {[%emt 0:00:42]} 47. Be2 {[%emt 0:00:34]} Rda8 {[%emt 0:00:16]} 48. Rdd1 {[%emt 0:00:13]} Ra5 {[%emt 0:00:54]} 49. Rdb1 {[%emt 0:00:00]} Kd8 {[%emt 0:00:00]} 50. Bd1 {[%emt 0:00:00]} Kc7 {[%emt 0:00:00]} 51. Ra2 {[%emt 0:00:00]} R5a7 {[%emt 0:00:00]} 52. Rba1 {[%emt 0:00:00]} Ra5 {[%emt 0:00:00]} 53. Rc1 1/2-1/2

[Event "ISR-chT 2018"]
[Site "Israel"]
[Date "2018.01.05"]
[Round "1"]
[White "Zoler, Dan"]
[Black "Stupak, Kirill"]
[Result "1/2-1/2"]
[WhiteElo "2506"]
[BlackElo "2565"]
[PlyCount "110"]
[EventDate "2018.??.??"]
[EventType "team-tourn"]
[EventCountry "ISR"]

{[%evp 26,110,22,15,11,8,16,18,18,16,20,22,28,18,27,17,17,17,29,9,9,8,13,0,17,0,0,0,25,0,0,0,0,0,0,0,0,0,0,0,0,0,0,0,0,0,0,0,0,0,0,0,0,0,0,0,0,0,0,0,0,0,0,0,0,0,0,0,0,0,0,0,0,0,0,0,0,0,0,0,0,0,0,0,0,0,0]} 1. d4 Nf6 2. c4 b6 3. Nf3 Bb7 4. g3 g6 5. Bg2 Bg7 6. O-O O-O 7. Nc3 Ne4 8. Nxe4 Bxe4 9. Be3 d6 {A50: Queen's Fianchetto Defence (1 d4 Nf6 2 c4 b6)} 10. Qd2 c5 11. Bh6 Nd7 12. Bxg7 Kxg7 13. Rfd1 Nf6 14. Rac1 {[#] LiveBook: 5 Games} Qd7 $146 ({Predecessor:} 14... Qc7 15. Ne1 Bxg2 {½-½ (15) Ruck,R (2533)-Romanov,E (2626) Tegernsee 2017}) 15. Ne1 {[%cal Bf3e1,Be1g2,Bg2e3,Be3c4][%mdl 32]} Bxg2 16. Nxg2 Rfc8 17. b3 cxd4 18. Qxd4 Rc5 19. f3 Rac8 20. e4 b5 21. Ne3 Kg8 22. Rc2 bxc4 23. Rxc4 Rxc4 24. Nxc4 Qc7 25. Rd2 Nd7 26. Kg2 Qb7 27. e5 Nxe5 {The position is equal.} 28. Nxe5 dxe5 29. Qxe5 $11 {[%mdl 4096] Endgame KQR-KQR} h5 30. h4 Kh7 31. Re2 Rc7 32. Rd2 Qc8 33. Qe4 Kg8 34. Qd4 Kh7 35. Qe4 f6 36. Qb4 Kg7 37. Qe4 Qa6 38. Rc2 Rd7 39. Qe2 (39. Kf2 {feels hotter.} Qd6 40. Kg2 Qd1 41. Rf2 e5 42. Qc6) 39... Qd6 40. Qe3 Qd5 41. Re2 e5 42. Rc2 Qa5 43. Qe4 Qd8 44. Qb4 Kh6 45. Qe1 Kh7 46. Qc3 Kg7 47. Qb4 a5 48. Qc5 Qa8 49. Qb5 Qd8 50. Kh3 Rd5 51. Qb7+ Rd7 52. Qb5 Rd5 53. Qb7+ Rd7 54. Qb5 Rd5 55. Qb7+ Rd7 {Precision: White = 70%, Black = 88%.} 1/2-1/2

[Event "ISR-chT 2018"]
[Site "Israel"]
[Date "2018.01.05"]
[Round "1"]
[White "Zanan, Evgeny"]
[Black "Gorodetzky, David"]
[Result "1/2-1/2"]
[WhiteElo "2482"]
[BlackElo "2411"]
[PlyCount "233"]
[EventDate "2018.??.??"]
[EventType "team-tourn"]
[EventCountry "ISR"]

{[%evp 15,233,12,22,0,20,12,15,0,0,-5,7,-5,-16,-17,6,7,19,30,33,0,0,0,0,0,0,0,0,-14,-20,-24,0,0,0,0,0,0,116,0,14,12,57,45,46,48,61,66,58,68,68,63,55,57,145,129,187,195,181,185,228,219,233,232,263,275,320,284,291,286,283,276,282,276,267,267,248,263,243,198,192,91,100,0,204,216,218,173,219,210,211,208,300,252,270,261,516,474,484,243,243,243,243,243,243,243,533,47,45,0,468,0,243,243,243,243,243,243,243,243,243,243,243,243,243,243,243,243,243,0,243,243,243,243,243,243,243,0,243,243,243,110,112,115,119,121,181,179,186,186,204,186,241,233,243,243,243,243,243,243,243,222,222,179,179,179,179,171,171,85,100,45,45,45,135,45,45,45,45,45,45,45,45,45,138,45,45,45,243,243,243,243,243,236,236,236,236,236,243,191,243,196,196,196,196,204,196,0,189,0,6,0,189,0,8,0,0,0,0,0,0,0]} 1. d4 Nf6 2. c4 e6 3. Nc3 Bb4 4. f3 O-O 5. a3 Bxc3+ 6. bxc3 Ne8 7. e4 {E27: Nimzo-Indian: Sämisch: 5...0-0 6 f3} Nc6 8. Bd3 b6 {LiveBook: 25 Games} 9. f4 (9. e5 f5 10. Nh3 Ba6 11. O-O Na5 12. Qe2 d5 13. Bg5 Qd7 14. cxd5 Bxd3 15. Qxd3 exd5 16. Rae1 {½-½ (52) Li,C (2720)-Sanal,V (2533) Khanty-Mansiysk 2017}) 9... f5 $146 ({Predecessor:} 9... Na5 10. Nf3 Ba6 11. Qe2 d5 12. cxd5 Bxd3 13. Qxd3 exd5 14. e5 f5 {0-1 (36) Otero Acosta,D (2519)-Ruiz C,J (2399) Panama City 2013}) 10. e5 Ba6 11. Nf3 Na5 12. Qe2 d5 {[%cal Ra6c4]} 13. exd6 Nxd6 14. O-O Qe8 {[%cal Ra6c4]} 15. Ne5 Qa4 {[%cal Ra6c4]} 16. Rb1 $1 Rac8 17. Rb4 Qe8 18. Be3 c5 19. dxc5 bxc5 20. Rbb1 $36 {[%mdl 2048] White is more active.} Nf7 21. Bf2 Nxe5 22. Qxe5 Qc6 23. Rfe1 Rfe8 24. Qe2 Qa4 25. Red1 Rc7 (25... Qd7 $11 {keeps the balance.}) 26. Qe5 (26. Bc2 $1 $16 {[%cal Rc2a4]} Qc6 27. Rb5 Bxb5 28. cxb5) 26... Qc6 27. Rb5 Bb7 {[%csl Gb7][%cal Rc6g2]} (27... Nb7 {feels hotter.} 28. Be2 Bxb5 29. cxb5 Qb6 30. a4 g6) 28. Bf1 Nxc4 $1 29. Qxc5 Qxc5 30. Rxc5 Rxc5 31. Bxc5 Bd5 32. Bxc4 Bxc4 $14 {[%mdl 4096] Endgame KRB-KRB} 33. Rd7 Bd5 (33... h6 $14) 34. Bd4 $16 Rb8 (34... g6 $16) 35. Rxg7+ $18 Kf8 36. Rxh7 {Black must now prevent Rh8+.} Rb1+ 37. Kf2 Rb2+ 38. Ke3 Rxg2 39. Be5 (39. Bxa7 $6 Kg8 $16) (39. Rxa7 $6 Rxh2 40. Bg7+ Kg8 $16) 39... a5 40. h4 {[%cal Bh2h4,Bh4h5][%mdl 32]} Rh2 41. h5 Kg8 42. Rh8+ Kf7 43. Kd4 Bf3 44. Rh7+ Kg8 45. Ra7 Bxh5 46. Rxa5 Rd2+ 47. Ke3 (47. Kc4 $18) 47... Re2+ $16 48. Kd4 (48. Kd3 $16) 48... Rd2+ $18 49. Kc4 $1 Bf3 50. Bd4 Rb2 51. Kc5 Kf7 52. Kd6 Re2 (52... Kg6 {was necessary.} 53. Kxe6 Be4) 53. Ra7+ Kg6 54. a4 {[%cal Ba3a4,Ba4a5][%mdl 32]} Bd5 $2 (54... Kh5 {is a better defense.} 55. Be5 Re4) 55. a5 Ra2 56. Kc5 (56. a6 $142) 56... Kh5 57. a6 Kg4 58. Be5 Kf3 59. Bd6 Rc2 $2 (59... Ra3 {might work better.} 60. Be5 Ra2) 60. Kd4 $2 ({White must play} 60. Rc7 $18 {Hoping for Be5.} Rxc3+ 61. Kb6 Rb3+ 62. Ka5) 60... Rd2+ $14 61. Kc5 $2 {[%mdl 8192]} (61. Ke5 $14 Bc4 62. Ra8) 61... Rc2 $1 $18 62. Be5 (62. Rc7 $142) 62... Ra2 63. c4 Rc2 64. Rc7 {And now Kb5 would win.} Rxc4+ 65. Kb5 Re4 66. Rc3+ Kg4 67. a7 Re2 68. Ra3 Ba8 69. Kb6 Rc2 70. Ra1 Kf3 71. Ra3+ Kg4 $1 72. Ra5 Kf3 73. Rc5 Ra2 74. Rc8 Bd5 75. Rc5 Ba8 $1 76. Rc4 Kg4 77. Rc3 (77. Rb4 $18) 77... Rb2+ $16 78. Kc5 Ra2 79. Bb8 $1 Bd5 (79... e5 $16 {was worth a try.}) 80. Rd3 $18 Be4 81. Rd4 Ba8 82. Rb4 Bd5 (82... Kh5 $142 83. Kb6 Bd5) 83. Kb6 Rc2 84. Be5 Ra2 85. Rb5 Ba8 86. Ra5 Rc2 87. Rc5 Ra2 88. Rc8 Bd5 89. Rg8+ Kf3 90. Rg7 Ra3 91. Bd6 (91. Rc7 $18 {and White stays clearly on top.}) 91... Ra2 $16 92. Bb8 (92. Rd7 $1 $16) 92... Rb2+ $14 93. Kc5 Ra2 (93... Rc2+ $14 94. Kb4 Rb2+ 95. Kc3 Ra2) 94. Rd7 ({Better is} 94. Be5 $16) 94... Rc2+ 95. Kd6 Ra2 96. Ke7 Ke4 97. Be5 Ra3 98. Kd8 Bc6 (98... Ra6 $14) 99. Rc7 (99. Rd4+ $16 Kf3 100. Kc7) 99... Bd5 100. Kc8 Rb3 $2 {[#]} (100... Kd3 $14) 101. Rc4+ $1 $18 {[%mdl 512]} Kf3 (101... Bxc4 102. a8=Q+) 102. Ra4 Ba8 103. Ra6 Rb7 104. Bc7 Kg4 105. Kd7 Kf3 106. Ra1 (106. Kxe6 Rxc7 107. Kxf5 Rc5+ 108. Ke6 Kxf4 $11) 106... Kg3 (106... Ke4 $142 107. Ra5 (107. Kxe6 Rxc7 108. Ra4+ Ke3 $11) 107... Kd4) 107. Ra3+ ({Stronger than} 107. Kxe6 Rxc7 108. Kxf5 Rc5+ 109. Kf6 Kxf4 $11) 107... Kg4 108. Kc8 ({Worse is} 108. Kxe6 Rxc7 109. Kd6 Rc4 $19) 108... Rb1 109. Bd6 Rb7 110. Ra4 $2 (110. Bb8 $18) 110... Kf3 $2 {[#]} (110... Kh5 $11 {and Black is okay.} 111. Ra3 Rg7) 111. Bc5 $2 (111. Bc7 $1 $18) 111... Rb5 112. Bd6 $2 (112. Be7 $11 e5 113. fxe5 Rxe5 114. Bd6) 112... Rb7 $1 {[#]} 113. Ra6 $2 ({White has to play} 113. Bc7 $1 $18) 113... Rg7 {The position is equal.} 114. Bb8 Rg8+ 115. Kd7 {aiming for Ra3+.} Rg7+ 116. Ke8 Rg8+ 117. Kf7 {Precision: White = 54%, Black = 54%.} 1/2-1/2

[Event "ISR-chT 2018"]
[Site "Israel"]
[Date "2018.01.05"]
[Round "1"]
[White "Givon, Asaf"]
[Black "Tifferet, Shaked"]
[Result "1-0"]
[WhiteElo "2470"]
[BlackElo "2294"]
[PlyCount "57"]
[EventDate "2018.??.??"]
[EventType "team-tourn"]
[EventCountry "ISR"]

{[%evp 30,57,54,42,50,49,52,64,96,95,95,107,98,83,427,406,687,671,935,933,853,600,600,592,596,585,687,675,870,411]} 1. e4 e5 2. Nf3 Nc6 3. Bc4 Bc5 4. O-O Nf6 5. d3 d6 6. c3 O-O 7. h3 h6 8. Re1 a6 9. Bb3 Ba7 10. Nbd2 Ne7 11. Nf1 Ng6 12. Ng3 Re8 13. d4 {C54: Giuoco Piano: 4 c3 Nf6, main lines with 5 d4 and 5 d3} c6 (13... Qe7 14. Be3 Bd7 {0-1 (48) Volokitin,A (2628)-Mamedyarov,S (2799) Riadh 2017}) 14. Bc2 Qc7 15. Be3 Be6 16. Qc1 {LiveBook: 6 Games} Rad8 17. Nf5 Bxf5 18. exf5 exd4 {[#]} 19. Bxh6 $1 {Threatens to win with Qg5.} ({But not} 19. Bxd4 $6 Ne5 $11) (19. cxd4 $6 Nf8 $11) (19. Nxd4 $6 Ne7 $11) 19... Rxe1+ 20. Nxe1 gxh6 $146 ({Find the theoretical novelty and annotate with similar games:} 20... dxc3 21. fxg6 gxh6 22. Qxh6 fxg6 23. Qxg6+ Qg7 24. bxc3 {½-½ (24) Perez Garcia,R (2305)-Valdes,L (2340) Matanzas 1995}) 21. Qxh6 Ne5 $2 {[%mdl 8192]} (21... dxc3 $16 {is a better chance.} 22. bxc3 (22. fxg6 fxg6 23. bxc3 Qg7 $14) 22... d5 23. fxg6 fxg6) 22. Qxf6 $18 Qb6 (22... dxc3 $142 23. bxc3 Kf8) 23. cxd4 {White is clearly winning.} Re8 24. Qg5+ Kf8 25. Qh6+ Ke7 26. Qh4+ ({Not} 26. dxe5 $2 Qxf2+ 27. Kh2 Rg8 $19) 26... Kd7 27. dxe5 Rxe5 28. Nd3 Re2 29. Bb3 (29. Qh5 $142 Rxf2 30. Qxf7+ Kc8 31. Qe6+ Kc7 32. Qf7+ Kd8 33. Qf8+ Kd7 34. Qg7+ Kc8 35. Kh1) 1-0